000 00486nam a2200169Ia 4500
999 _c14063
_d14063
003 OSt
005 20201102095901.0
008 190216s9999||||xx |||||||||||||| ||und||
040 _coclc
082 _a823
_bALE/N
100 _a Alexander, Meena
_96155
245 0 _aNampally Road /
_cMeena Alexander
260 _bAn Imprint Of Harper Collins Publishers,
_c1992.
_aUSA:
300 _a107p
650 _aEnglish Novel
942 _cBK
_2ddc
_h823
_iALE/N
_k823
_mALE/N